Science Quiz

Random Science or Animal Quiz

Who, Who Knows Their Owls? Quiz Stats

 Plays Quiz not verified by Sporcle

Challenge
Share
Tweet
Score 0/20 Timer 07:00
0 Plays Today
% Correct
Snowy Owl
92.9%
Barn Owl
91%
Great Horned Owl
89.1%
Great Gray Owl
80.8%
Burrowing Owl
80.1%
Barred Owl
67.3%
Long Eared Owl
66%
Saw whet Owl
63.5%
Elf Owl
62.8%
Eastern Screech Owl
60.9%
% Correct
Tawny Owl
58.3%
Eagle Owl
57.7%
Spectacled Owl
54.5%
Northern Pygmy Owl
53.2%
Northern Hawk Owl
49.4%
Short Eared Owl
48.1%
Sooty Owl
46.2%
Scops Owl
41.7%
Spotted Wood Owl
35.9%
Powerful Owl
30.1%

You're not logged in!

Compare scores with friends on all Sporcle quizzes.
OR
Log In

You Might Also Like...

Show Comments

Extras

Top Quizzes Today


Score Distribution

Your Account Isn't Verified!

In order to create a playlist on Sporcle, you need to verify the email address you used during registration. Go to your Sporcle Settings to finish the process.

Report this User

Report this user for behavior that violates our Community Guidelines.

Details: